| 000 | 01190nam a22002295i 4500 | ||
|---|---|---|---|
| 001 | 159391 | ||
| 003 | ES-MaACL | ||
| 005 | 20250929063229.0 | ||
| 008 | 970813s1881 sp a |||| | spa d | ||
| 040 |
_aCLM _bspa _cCLM |
||
| 100 | 0 |
_aMenasseh ben Israel, _d1604-1657 _9129821 |
|
| 245 | 1 | 0 |
_aOrigen de los americanos. Miqweh Yisra el, esto es Esperanza de Israel _b: reimpresion a plana y renglón del libro de Menasseh ben Israel teólogo y filósofo hebreo sobre el origen de los americanos publicado en Amsterdam 5410 (1650) / _ccon un preámbulo ... y la biografía del autor por Santiago Pérez Junquera. |
| 260 |
_aMadrid : _bLibrería de Santiago Pérez Junquera, _c1881 ( _fImprenta y litografía de la Biblioteca Universal) |
||
| 300 |
_aXXXVII, [16], 126 p., [1] h. de lám ; _c17 cm. |
||
| 594 | 1 | _aTít. paralelo en cararacteres hebreos. | |
| 595 | 1 | _aReimp. de la ed. de Amsterdam : en la impresion de Semuel Ben Israel Soeiro, 5410 (1650) | |
| 599 | 1 | _aLa h. de lam. retrato del autor. | |
| 650 |
_aJudíos- _vHistoria. _913994 |
||
| 700 | 2 | 1 |
_aPérez Junquera, Santiago, _epr. _9131467 |
| 852 |
_aES-MaACL _jF-9346 _z-- Enc. pasta |
||
| 999 |
_c159391 _d159391 |
||